| 000 | 00562nam a2200217Ia 4500 | ||
|---|---|---|---|
| 003 | OSt | ||
| 005 | 20220928140526.0 | ||
| 006 | a|||||r|||| 00| 0 | ||
| 007 | ta | ||
| 008 | 220927b |||||||| |||| 00| 0 eng d | ||
| 024 | _a9201 | ||
| 037 | _cTextual | ||
| 040 |
_aSDCL _cSDCL _beng |
||
| 041 |
_2eng _aeng |
||
| 082 | _aO-,3K28:g, L5 | ||
| 100 |
_aFurlong Monica _9495723 |
||
| 245 | 0 |
_aPuritan's progress _b A study of John Bunyan. |
|
| 260 | _c1975 | ||
| 942 |
_hO-,3K28:g, L5 _cTEXL _2CC |
||
| 999 |
_c811949 _d811949 |
||